| 000 | 00330nam a2200133Ia 4500 | ||
|---|---|---|---|
| 005 | 20260328101516.0 | ||
| 008 | 260328s9999||||xx |||||||||||||| ||und|| | ||
| 100 | _aMinistere de L'Information | ||
| 245 | 0 |
_aArgel / _cMinistere de L'Information |
|
| 260 | _b---- | ||
| 300 | _a98 p. | ||
| 650 | _aARQUITECTURA REGIONAL | ||
| 942 | _cBK | ||
| 999 |
_c9368 _d9368 |
||